000 00274nam a22001217a 4500
008 170615b xxu||||| |||| 00| 0 eng d
041 _aeng
080 _a94(4)
100 _a19
101 _aSHP
245 _aTHE OF THE MAING SOVIET SYSTEM
_cLEWIN.M
942 _2udc
_cBK
999 _c17505
_d17505